Tiêu chuẩn quá trình hàn và trình độ thợ hàn.
Trong sự đổi mới của đất nước, đặc biệt khi nền kinh tế đã tăng trưởng liên tục các ngành công nghiệp cũng phát triển với tốc độ tăng dần tiến tới mục tiêu công nghiệp hóa - hiện đại hóa đất nước. Do vậy các yêu cầu về kiến th...
Gorde:
| Formatua: | Liburua |
|---|---|
| Hizkuntza: | Vietnamese |
| Argitaratua: |
H. :
Xây dựng ,
2003
|
| Gaiak: | |
| Etiketak: |
Etiketa erantsi
Etiketarik gabe, Izan zaitez lehena erregistro honi etiketa jartzen!
|
| Thư viện lưu trữ: | Thư viện Trường CĐ Kỹ Thuật Cao Thắng |
|---|
| LEADER | 01721nam a2200289 a 4500 | ||
|---|---|---|---|
| 001 | TVCDKTCT5901 | ||
| 003 | Thư viện trường Cao đẳng Kỹ thuật Cao Thắng | ||
| 005 | 20060823000000 | ||
| 008 | 060823 | ||
| 980 | \ | \ | |a Thư viện Trường CĐ Kỹ Thuật Cao Thắng |
| 024 | |a RG_1 #1 eb0 i1 | ||
| 041 | 0 | # | |a vie |
| 082 | # | # | |a 671.52 / |b T300C |
| 245 | 0 | 0 | |a Tiêu chuẩn quá trình hàn và trình độ thợ hàn. |
| 260 | # | # | |a H. : |b Xây dựng , |c 2003 |
| 300 | # | # | |a 160tr. ; |c 17cm |
| 520 | # | # | |a Trong sự đổi mới của đất nước, đặc biệt khi nền kinh tế đã tăng trưởng liên tục các ngành công nghiệp cũng phát triển với tốc độ tăng dần tiến tới mục tiêu công nghiệp hóa - hiện đại hóa đất nước. Do vậy các yêu cầu về kiến thức khoa học công nghệ nói chung, cũng như khoa học công nghệ hàn nói riêng đòi hỏi có sự đáp ứng kịp thời và phát triển công nghiệp đất nước. |
| 520 | # | # | |a Cuốn " Cẩm nang hàn " được biên soạn gồm : |
| 520 | # | # | |a Chương 1 : Bản vẽ kỹ thuật hàn. |
| 520 | # | # | |a Chương 2 : Vật liệu hàn. |
| 520 | # | # | |a Chương 3 : Thiết bị và công nghệ hàn. |
| 520 | # | # | |a Chương 4 : Ứng suất và biến dạng hàn. |
| 520 | # | # | |a Chương 5 : Kiểm tra chất lượng hàn. |
| 520 | # | # | |a Chương 6 : Kỹ thuật an toàn trong hàn. |
| 650 | # | 4 | |a Cơ khí |
| 650 | # | 4 | |a Tiêu chuẩn kỹ thuật |
| 650 | # | 4 | |a Hàn |